[Event "Linares Anibal op 08th"]
[Site "Linares"]
[Date "2001.01.14"]
[Round "7"]
[White "Sulskis, Sarunas"]
[Black "Zulfugarli, Magomed"]
[Result "1-0"]
[WhiteElo "2501"]
[BlackElo "2496"]
[Annotator "Gofshtein,L"]
[PlyCount "59"]
[EventDate "2001.01.08"]
[EventType "swiss"]
[EventRounds "11"]
[EventCountry "ESP"]
[SourceTitle "CBM 081"]
[Source "ChessBase"]
[SourceDate "2001.03.20"]
[SourceVersion "1"]
[SourceVersionDate "2001.03.20"]
[SourceQuality "1"]

1. e4 c5 2. Nf3 d6 3. d4 cxd4 4. Nxd4 Nf6 5. Nc3 Nc6 6. Bg5 Bd7 7. Qd2 Rc8 8.
Nxc6 Bxc6 9. f3 {Except of this move there are two continuations:} (9. Bd3 h6 (
9... e6 10. h3 (10. O-O a6 11. Rfe1 Be7 12. Rad1 O-O $132 {0-1 Jeiter,G-Ionov,
S/Moscow 1991/EXT 2000 (19)}) 10... Be7 11. O-O O-O 12. Be3 a6 13. a4 d5 14. e5
Ne4 $132 {1/2-1/2 Mihalincic,T-Galic,Z/Pula 1999/CBM 70 ext (44)}) (9... a6 10.
O-O-O e6 11. f3 Be7 12. h4 O-O 13. Ne2 b5 14. Kb1 Qc7 15. h5 Rfd8 16. g4 d5
$132 {0-1 Zupe,M-Kozul,Z/Nova Gorica 1999/CBM 68 ext (38)}) 10. Bxf6 gxf6 11.
O-O Qa5 12. Rfe1 h5 13. Rad1 Bh6 14. Qe2 Qg5 15. Nd5 Rg8 16. f4 Qg4 17. Qxg4
Rxg4 18. g3 Rg8 19. Kf2 {1/2-1/2 Barczay,L-Mestrovic,Z/Keszthely 1981/MCD (19)}
) (9. Bxf6 gxf6 10. O-O-O (10. Bc4 e6 11. Bb3 Qa5 12. O-O-O Rg8 13. f4 f5 14.
Rhe1 fxe4 15. Nxe4 Qxd2+ 16. Rxd2 Bxe4 17. Rxe4 Rc5 $132 {0-1 Bezgodov,
A-Ovetchkin,R/Pskov 1998/EXT 2000 (70)}) (10. Bd3 Qa5 11. O-O-O f5 12. Kb1 Bg7
13. Qg5 Bxc3 14. bxc3 Qxc3 $36 15. Qxf5 Bd7 {0-1 Kim,P-Murrey,J/Winnipeg 1997/
CBM 60 ext (15)}) 10... Qa5 11. f4 f5 12. exf5 Bg7 13. Kb1 Bxc3 14. Qxc3 Qxc3
15. bxc3 f6 16. Rd4 Rg8 $44 {1/2-1/2 Matkovic,T-Videki,S/Makarska 1993/EXT 97 
(54)}) 9... e6 (9... a6 $5) 10. O-O-O Be7 (10... h6 11. Bxf6 Qxf6 12. Nb5 d5
13. exd5 exd5 14. Nxa7 $16) ({Worth of attention also} 10... Qa5 $5) 11. Nb5 {
White leaves with pair of BB advantage by force in view of a7 and d6
weaknesses.} Bxb5 12. Bxb5+ Kf8 13. Bxf6 gxf6 (13... Bxf6 $2 14. Qxd6+ Qxd6 15.
Rxd6 $16) 14. Qh6+ ({In my opinion, better was} 14. f4 $5) 14... Kg8 15. f4 Bf8
({After} 15... Qf8 $6 16. Qh3 Rc5 17. Bd3 Qg7 18. Rhf1 $16 {White leaves with
advntage.}) 16. Qh5 {[%csl Rg8]} Qa5 (16... Qb6 17. Qe2 Bg7 18. f5 Rc5 19. Bd3
$14) 17. Rd3 {[%cal Gd3g3] White starts to use Black K vulnerability.} (17. Kb1
Rc5 18. Qg4+ Bg7 19. Bd3) 17... Bg7 18. Ra3 Qb6 {[%cal Gc8c5] threatening Rc5}
19. Qe2 Kf8 ({In case of} 19... f5 20. Rb3 (20. exf5 Qd4 21. Rb3 Qxf4+ 22. Kb1
Qxf5 $132) 20... Qa5 21. Kb1 fxe4 22. Qxe4 d5 23. Qe2 a6 24. Bd3 $16 {White
has advantage because of more flexible PP structure and big difference between
KK position.}) 20. Rb3 Rc5 21. f5 exf5 $2 {mistake! Black destroes his K
defence.} ({Necessary was} 21... Qc7 $5 22. Kb1 Rg8 $132) 22. exf5 Bh6+ 23. Kb1
Bf4 {[%cal Gf4e5]} (23... Rg8 24. Ba4 Qc7 25. Rh3 $36) 24. Qf3 Rxb5 ({Maybe
Black intended to play} 24... Be5 {but after} 25. Bd3 Qc6 26. Rxb7 d5 27. Rb3
$16 {White leaves with serious advantage.}) 25. Qxf4 ({Good alternative move
was} 25. Rxb5 $5 Qxb5 26. Qxf4 Qe5 27. Qh6+ Ke7 28. g4 Rc8 29. Rc1 $16) 25...
Rxb3 26. axb3 Rg8 27. Qh6+ Rg7 28. Qxf6 Rxg2 29. Re1 Qf2 $2 {Loses immediately}
({After} 29... d5 30. Qh8+ Rg8 31. Qxh7 Qf6 $16 {White has clear advantage.})
30. Qh6+ 1-0

[Event "Terres Catalanes 15th"]
[Site "Ampuriabrava"]
[Date "1997.09.17"]
[Round "1"]
[White "Vehi Bach, Victor Manuel"]
[Black "Ubilava, Elizbar"]
[Result "1/2-1/2"]
[WhiteElo "2395"]
[BlackElo "2520"]
[Annotator "Gofshtein,L"]
[PlyCount "39"]
[EventDate "1997.09.17"]
[EventType "tourn"]
[EventRounds "9"]
[EventCountry "ESP"]
[EventCategory "10"]
[SourceTitle "CBM 062"]
[Source "ChessBase"]
[SourceDate "1998.01.31"]
[SourceVersion "1"]
[SourceVersionDate "1998.01.31"]
[SourceQuality "1"]

1. e4 c5 2. Nf3 d6 3. d4 Nf6 4. Nc3 cxd4 5. Nxd4 Nc6 6. Bg5 Bd7 7. Qd2 Rc8 8.
f4 h6 9. Bxf6 gxf6 10. O-O-O (10. Nf5 Qa5 11. Bd3 Nb4 12. O-O Nxd3 13. Qxd3
Qc5+ (13... Qb4 14. Kh1 e6 15. Nd4 Qxb2 16. Nce2 Qb6 17. Rab1 Qc7 18. Rb2 Be7
19. f5 e5 20. Nb5 Qc5 21. Nbc3 Bc6 $13 {Kuijf-Wittman,Europe 1993}) 14. Kh1 e6
15. Ne3 h5 16. Rad1 Be7 17. f5 $16 {Ivanchuk-Salov,Reykjavik,1991}) 10... Nxd4
11. Qxd4 Qa5 12. Be2 (12. Kb1 Qc5 13. Qd2 e6 (13... Bg7 14. f5 h5 15. Qd5 Qxd5
16. Nxd5 h4 17. Be2 Bh6 18. g4 Bg5 19. Rhf1 Rh6 $15 {Zhukhovitsky-Savon,Moscov
1969}) 14. Be2 h5 (14... Rg8 $6 15. e5 f5 16. Bf3 d5 17. Bxd5 $1 $16 {
Renet-Scarella,Argentina 1994}) 15. Rhe1 Be7 16. Bf3 Rc7 17. f5 Bf8 18. Qe2 h4
19. Bh5 Ke7 20. Nd5+ exd5 21. exd5+ Kd8 22. Bxf7 Bb5 23. Qe6 Qxc2+ 24. Ka1 Be7
$17 {Torres-Ubilava,Linares 1994}) (12. f5 h5 13. Kb1 Qc5 14. Qd3 h4 15. Be2
Bh6 16. Nd5 Bg5 17. Rhf1 a5 18. c3 Ba4 19. Rde1 Bc6 20. Rf3 Kf8 $11 {
Dolmatov-Dorfman Tashkent 1990}) 12... Qc5 13. Qd2 (13. Qxc5 Rxc5 14. Rd5 Rxd5
15. exd5 h5 16. Kd2 a6 17. Ke3 h4 18. Bf3 f5 19. Ne2 Bg7 20. c4 Bxb2 21. Rb1
Ba3 22. Rxb7 Bc8 $11 {Cuadras-Cifuentes,Spain 1995}) (13. Qd3 $5) 13... e6 (
13... Bg7 14. Kb1 $6 (14. Rhe1 $13) 14... f5 15. e5 O-O 16. g4 Rfd8 17. g5 dxe5
18. Rhg1 Be8 19. Nd5 hxg5 $17 {Svidler-Aseev/St.Petersburg/1997/}) 14. f5 $6
$11 (14. Bf3 $142 $14) 14... h5 15. Kb1 Qe5 16. Bf3 h4 17. Qf2 Qc5 (17... a6
18. Qb6 Bc6 19. Nd5) 18. Qd2 Qe5 19. Qf2 Qc5 20. Qd2 1/2-1/2

[Event "EU-ch 2nd"]
[Site "Ohrid"]
[Date "2001.06.02"]
[Round "2"]
[White "Almasi, Zoltan"]
[Black "Miroshnichenko, Evgenij"]
[Result "1-0"]
[WhiteElo "2640"]
[BlackElo "2520"]
[Annotator "Gofshtein,L"]
[PlyCount "45"]
[EventDate "2001.06.01"]
[EventType "swiss"]
[EventRounds "13"]
[EventCountry "YUG"]
[SourceTitle "CBM 084"]
[Source "ChessBase"]
[SourceDate "2001.09.13"]
[SourceVersion "1"]
[SourceVersionDate "2001.09.13"]
[SourceQuality "1"]

1. e4 c5 2. Nf3 d6 3. d4 cxd4 4. Nxd4 Nf6 5. Nc3 Nc6 6. Bg5 Bd7 7. Qd2 Rc8 8.
f4 Nxd4 9. Qxd4 Qa5 10. e5 dxe5 11. fxe5 e6 12. O-O-O Bc6 13. Nb5 (13. Bb5 {
-another mainline.}) 13... Bxb5 14. exf6 Bc6 $1 ({Dubious are} 14... g6 $143 $6
15. Bxb5+ (15. Bd2 Qa4 16. Bxb5+ Qxb5 17. Bc3 $14) 15... Qxb5 16. h4 Bc5 17.
Qd3 Qxd3 18. Rxd3 h6 19. Bf4 Rd8 20. Rhd1 Rxd3 21. Rxd3 $14 {1/2-1/2 Inkiov,
V-Nikolov,S/Sofia 1982/EXT 99 (41)}) ({and} 14... Ba4 $143 $6 {[%csl Rc2]} 15.
Bd2 $1 (15. Rd2 $2 gxf6 16. Bd3 (16. Bxf6 Rxc2+ 17. Rxc2 Qe1+ $1 $19 {[%cal
Gf8h6]}) 16... Rg8 17. Be3 f5 $17 {1-0 Lau,R-Neumann,J/Hamburg 1984/MCD (32)})
(15. h4 g6 (15... gxf6 16. Qxf6 Rg8 17. Bd3 Qc7 18. Qd4 Bc6 19. Rhe1 $132 {
1/2-1/2 Kerek,K-Caposciutti,M/Budapest 1997/CBM 56 ext (33)}) 16. Bd2 (16. Bd3
Bc5 17. Qg4 $132 {1-0 Almasi,I-Nogradi,V/Budapest 1996/CBM 52 ext (34)}) 16...
Rxc2+ 17. Kb1 Rxd2 18. Rxd2 Bb4 19. Rd3 O-O $44 {1-0 Ernst,T-Svenn,G/Linkoping
1984/MCD (27)}) 15... Rxc2+ 16. Kb1 Rxd2 17. Rxd2 gxf6 18. Bd3 $1 (18. Be2 Be7
19. Rc1 O-O 20. Rd3 Bc6 21. Rg3+ Kh8 $14 {1/2-1/2 Almasi,Z-Groszpeter,A/
Budapest 1992/CBM 30 ext (35)}) (18. Bb5+ Bxb5 19. Rc1 Bb4 20. Rc8+ Ke7 21.
Rc7+ (21. Rxh8 Bxd2 22. Qc5+ Kd7 23. Qd4+ Kc7 24. Rf8 Bd7 $19 {0-1 Almasi,
I-Groszpeter,A/Zalakaros 1992/EXT 97 (37)}) 21... Qxc7 22. Qxb4+ Ke8 23. Qxb5+
Qc6 24. Qd3 Qd5 25. Qxd5 (25. Qc3 Qf5+ 26. Kc1 Kf8 $19 {1/2-1/2 Paolozzi,
M-Masculo,J/Sao Paulo 1983/EXT 2000 (31)}) 25... exd5 26. Rxd5 $44) 18... Bc6
19. Rhd1 Be7 20. Be4 $16 {1-0 Videki,S-Kostic,V/Hohenems 1998/EXT 99 (58)}) 15.
h4 g6 (15... Rg8 16. Bc4 gxf6 17. Rhe1 (17. Qxf6 Rg6 18. Qf4 h6 19. Bf6 Rxg2 (
19... h5 20. Bg5 Bxg2 21. Rh2 Bc6 22. Rf2 $16 {1-0 Khait,A-Dragomarezkij,E/
Warsaw 1992/CBM 28 ext (28)}) 20. Rhg1 (20. Rdf1 Rxc2+ $1 (20... Qa4 21. b3
Qxa2 $19 (21... Qa3+ $17 {1-0 Rodriguez,A-Gamboa,N/Bogota 1991/TD (25)})) 21.
Kxc2 Bxh1 {[%csl Rc4][%cal Gc8c2]} 22. Rxh1 b5 23. Kb1 bxc4 $19) 20... Rxg1 21.
Rxg1 Bd5 $17) 17... Rg6 ({Not} 17... fxg5 $2 18. Bxe6 $1 fxe6 19. Qf6 $3 {
Decisive "silent" move!} (19. Rxe6+ $2 Be7 20. Rxe7+ Kxe7 $19 {0-1 Kupreichik,
V-Yudasin,L/Frunze 1981/URS-ch (30)}) 19... Qxe1 $8 20. Rxe1 $16) 18. Bxe6 fxe6
19. Rxe6+ Kf7 20. Rxf6+ Kg8 21. Qc4+ Kh8 22. Rxg6 hxg6 23. Bf6+ Bg7 24. Qf7
Bxf6 25. Qxf6+ Kh7 26. Qe7+ Kh8 {1/2-1/2 Tseshkovsky,V-Zaichik,G/Telavi 1982/
MCD (26)}) 16. Bc4 Bc5 17. Qg4 (17. Qe5 Bb4 18. Qxa5 Bxa5 19. h5 gxh5 (19...
Bxg2 20. Bb5+ Bc6 21. Bxc6+ Rxc6 22. hxg6 fxg6 23. f7+ $18 {[%cal Gd1d7]}) 20.
Rxh5 Bxg2 21. Bb5+ Bc6 22. Bxc6+ Rxc6 23. Bh6 $14 {0-1 Sutovsky,E-Thorhallsson,
T/Gausdal 1995/EXT 97 (52)}) 17... h5 (17... O-O $2 18. h5 $18) 18. Qe2 (18.
Qg3 $144 $5 O-O {and Black eventually equalizes:} 19. Bxe6 Be4 $1 20. Bd2 (20.
Bxc8 Qxa2 21. Bd7 (21. Bh3 Bb4 22. c3 Re8 $1 $17) 21... Rd8 22. Qc7 Bb4 23. c3
(23. Qxd8+ $4 Kh7 24. c3 Bxc3 $19) 23... Ba5 24. Qe5 Qb1+ 25. Kd2 Qxb2+ 26. Ke3
Bb6+ 27. Kxe4 Qe2+ 28. Kf4 Qf2+ 29. Ke4 Qe2+ $11) 20... Bd6 21. Qb3 Bxc2 22.
Bxc8 Bxb3 23. Bxa5 Rxc8+ 24. Bc3 Bf4+ 25. Kb1 Bxd1 26. Rxd1 $11 {0-1
Groszpeter,A-Gyorkos,L/Zalakaros 1994/TD (53)}) 18... O-O 19. Rhf1 {[%cal
Gg2g4]} ({Black can be satisfy by opening results also after} 19. Rhe1 $5 a6
20. Be3 Bb4 21. Bd2 Bb5 $132 {0-1 Brustman,A-Thorhallsson,T/Cappelle la Grande
1995/EXT 97 (59)}) 19... Bb4 ({Or} 19... Bd5 20. Bxd5 exd5 21. Kb1 {and here}
Bb6 $1 ({Not} 21... Rfe8 22. Qf3 d4 23. g4 $1 $16 {[%csl Rg8] 1-0 Varga,
Z-Robatsch,K/Mitropa Cup 1995/CBM 46 ext/[Ernst] (27)}) 22. g4 Rfe8 23. Qg2
hxg4 24. Qxg4 (24. Rxd5 Re1+ $132) 24... Qc5 25. Qg2 $132) 20. Bh6 Rfe8 21. Kb1
Bxg2 $4 {Based on tactical blunder.} ({Why not} 21... Bd5 $1 22. Bxd5 exd5 23.
Qf3 Re4 $132) 22. Qxg2 Rxc4 $6 {Wrong variation continuation...} (22... Kh7 {
[%csl Rc4,Rh6]} 23. Qxb7 {[%csl Rf7][%cal Gb7f7]} Rc7 24. Qb5 {[%csl Re8][%cal
Gb5e8]} Rec8 {[%csl Rc4,Rh6]} 25. Qxa5 Bxa5 26. Ba6 $18) 23. Qxg6+ 1-0

[Event "Capablanca Memorial Premier 33rd"]
[Site "Havana"]
[Date "1998.05.19"]
[Round "11"]
[White "Herrera, Irisberto"]
[Black "Franco Ocampos, Zenon"]
[Result "0-1"]
[WhiteElo "2445"]
[BlackElo "2465"]
[Annotator "Gofshtein,L"]
[PlyCount "78"]
[EventDate "1998.05.07"]
[EventType "tourn"]
[EventRounds "13"]
[EventCountry "CUB"]
[EventCategory "8"]
[SourceTitle "CBM 065"]
[Source "ChessBase"]
[SourceDate "1998.08.06"]
[SourceVersion "1"]
[SourceVersionDate "1998.08.06"]
[SourceQuality "1"]

{[%mdl 12324]} 1. e4 c5 2. Nf3 Nc6 3. d4 cxd4 4. Nxd4 Nf6 5. Nc3 d6 6. Bg5 Bd7
7. Qd2 Rc8 8. f4 h6 9. Bxf6 gxf6 10. O-O-O Nxd4 11. Qxd4 Qa5 12. Kb1 Qc5 13.
Qd2 Bg7 (13... e6 14. Be2 h5 (14... Be7 15. Bf3 (15. f5 h5 16. Bf3 Qa5 17. Rhe1
Rc5 18. Qf4 Qb4 19. Qe3 Qb6 20. Rd3 Re5 21. Qf4 h4 22. Red1 Bc6 $11 {Radulov,
I-Robatsch,K/Helsinki zt 1972/1-0(41)}) 15... Rc7 16. Rhe1 Kd8 17. f5 h5 18. a3
Kc8 $6 19. Qe2 $16 {Liberzon,V-Petersons,A/URS-chT 1968/1-0 (57)}) 15. Rhe1 Be7
16. Bf3 Rc7 17. f5 Bf8 18. Qe2 h4 19. Bh5 Ke7 $13 {Torres,J-Ubilava,E/Linares
op 1994/0-1(28)}) (13... f5 $5 14. exf5 Bxf5 15. Bb5+ (15. Bd3 $6 Bg7 (15...
Bxd3 16. Qxd3 Bg7 17. Rhe1 Bxc3 18. Qxc3 Qxc3 19. bxc3 Kd7 $15 {Tarjan,
J-Robatsch,K/Lone Pine 1975/1/2-1/2(53)}) 16. Bxf5 Qxf5 17. Nd5 e6 18. Rhe1 h5
19. g3 Rc6 20. Re2 Kd7 21. Qb4 Rb8 {Groszpeter,A-Balinov,I/Oberwart op 1996/
0-1 (57)} (21... exd5 $5 22. Qxb7+ Rc7 23. Qb5+ $13)) 15... Kd8 16. Bd3 (16.
Qe2 a6 (16... Be6 17. Ne4 Qf5 18. Rhf1 Rg8 19. Ng3 Qc5 20. f5 $14 {Pokojowczyk,
J-Robatsch,K/Lublin 1976/1/2-1/2(40)}) 17. Ba4 Bg7 18. Rhe1 Be6 19. Bb3 Bxc3
20. bxc3 Rc7 21. Bxe6 fxe6 22. Qxe6 Qxc3 23. Qb3 h5 24. Re3 Qxb3+ 25. axb3 Rg8
26. g3 Rc5 27. Kb2 Kd7 {1/2-1/2 Beliavsky,A-Kuzmin,G/URS-FL 1980}) 16... Bxd3
17. Qxd3 Bg7 18. Ne4 (18. Nd5 e6 19. Ne3 Rc6 20. c3 Kc7 21. Rhe1 Kb8 22. Rc1 h5
23. f5 {1/2-1/2 Liberzon,V-Stein,L/IBM 1969}) 18... Qc4 19. Rhe1 Qxd3 20. Rxd3
Kd7 21. Rb3 Rb8 22. g4 Rhc8 23. Rbe3 Rc6 24. c3 d5 25. Nf2 e6 26. Nd3 $14 {
Matulovic,M-Robatsch,K/Helsinki zt 1972/1-0 (58)}) (13... Bc6 14. Bd3 Rg8 15.
Rhe1 a6 16. g3 Bg7 17. Qe2 Kf8 18. Nd5 e6 19. Ne3 b5 20. f5 e5 21. Qh5 Ke7 22.
Qg4 a5 23. Qe2 Rb8 24. Rc1 Rgc8 25. c4 $14 {1/2-1/2 Mozaliov,S-Faibisovich,V/
RUS-Cup1 Chigorin mem 1996}) 14. f5 h5 15. Be2 Bh6 16. Qd5 {[%cal Gd5b7]} Qxd5
17. Nxd5 h4 18. Rd3 $146 (18. g4 $6 Bg5 19. Rhf1 Rh6 {[%csl Gf6][%cal Ge7e6]}
20. c4 e6 21. Nc3 Ke7 $11 {Zhukhovitsky,S-Savon,V/URS-ch37 1969/1/2-1/2(41)})
18... Bg5 {In the next stage of the game black prepares e7-e6 and than Ke7 and
white tries to desturb it.} 19. Rf1 Rh6 {[%csl Gf6][%cal Ge7e6]} 20. Rdf3 Bc6
21. Bc4 Kd7 22. Rd3 e6 {Finally black pushed e6} 23. fxe6+ (23. Nc3 $142 a6 24.
a4 Ke7 {[%cal Gc6e4]} 25. b3 $13) 23... fxe6 24. Nf4 Bxf4 25. Rxf4 Rg8 $15 {
Arising endgame is slightly better for black bacause of his better placed king
and flexible pawn structure in the center.} 26. b4 a6 ({After} 26... b5 27. Bb3
Rxg2 $6 {[%tqu "En","","","","e4e5","",10]} 28. e5 $1 {black could find
himself in troubles} fxe5 29. Rf7+ Ke8 30. Rxa7 d5 31. Rc3 Bd7 32. Rcc7 Rh7 33.
Ra8+ Ke7 34. Rxd7+ $1 Kxd7 35. Ra7+ Kd6 36. Rxh7 $16 {[%cal Ga2a4]}) 27. Rh3
Rxg2 28. Rfxh4 Rxh4 29. Rxh4 Rg7 30. Kb2 Ke7 {The only active plan in this
position is to change e4 pawn and to get two passed pawn in the center.With
his next moves black prepares to do it.} 31. Kc3 b5 32. Bb3 e5 33. Kd3 Bd7 {
[%cal Gf6f5]} 34. Bd5 f5 35. Bb7 Rg2 36. Rh7+ Kd8 37. Rf7 $6 (37. h4 $5 $132)
37... fxe4+ 38. Kxe4 Rxc2 $17 39. h4 $2 Rc4+ {[%csl Rb4,Rh4]} (39... Rc4+ 40.
Kd5 $4 Rd4#) 0-1

[Event "EU-ch 2nd"]
[Site "Ohrid"]
[Date "2001.06.07"]
[Round "7"]
[White "Timoshenko, Georgy"]
[Black "Milov, Vadim"]
[Result "1/2-1/2"]
[WhiteElo "2537"]
[BlackElo "2605"]
[Annotator "Gofshtein,L"]
[PlyCount "107"]
[EventDate "2001.06.01"]
[EventType "swiss"]
[EventRounds "13"]
[EventCountry "YUG"]
[SourceTitle "CBM 084"]
[Source "ChessBase"]
[SourceDate "2001.09.13"]
[SourceVersion "1"]
[SourceVersionDate "2001.09.13"]
[SourceQuality "1"]

1. e4 c5 2. Nf3 Nc6 3. d4 cxd4 4. Nxd4 Nf6 5. Nc3 d6 6. Bg5 Bd7 7. Qd2 Rc8 8.
O-O-O Nxd4 9. Qxd4 Qa5 10. Bxf6 gxf6 11. Kb1 Qc5 12. Qd2 e6 (12... f5 {
-another reliable mainline.}) 13. f4 b5 {Except of this move Black can play:} (
13... Bc6 14. Bd3 (14. Be2 h5 15. Bf3 Bh6 16. g3 Ke7 17. Qe2 Bg7 $132 {1-0
Jaracz,P-Van der Lijn,B/Andorra AND 2001/The Week in Chess 349 (37)}) 14... h5
(14... Kd7 15. Qe2 Kc7 16. Bb5 Kb8 (16... Rb8 $6 17. Rhf1 a6 18. Bxc6 bxc6 19.
Qxa6 Qb4 20. Na4 Be7 21. a3 $18 {1-0 Fontaine,R-Leroy,D/Montlucon 1997/EXT
2001 (36)}) 17. Bxc6 Rxc6 18. f5 $14) 15. Rhf1 b5 16. Qe2 b4 17. Nd5 f5 18.
Nf6+ Ke7 19. e5 dxe5 (19... Bg7 $2 20. Nxh5 Rxh5 21. exd6+ Qxd6 22. Ba6 Qc5 23.
Bxc8 Rxh2 24. Qd3 $18 {1-0 Renet,O-Piket,J/Cannes 1990/CBM 18 (48)}) 20. fxe5
Bg7 $132) (13... a6 14. e5 fxe5 15. Ne4 Qd4 16. Nf6+ Ke7 17. fxe5 Qxd2 18. Rxd2
Ba4 (18... Rc5 19. Nxd7 Kxd7 20. exd6 Bxd6 21. Be2 Ke7 22. Rhd1 Rd8 $11 {
1/2-1/2 Diedrichsen,D-Traeger,S/Germany 1992/EXT 97-B (25)}) 19. Rxd6 (19. b3
dxe5 20. bxa4 Kxf6 $15) 19... Bxc2+ 20. Ka1 Rc7 $15) (13... Be7 14. Be2 b5 15.
Bf3 b4 16. Ne2 a5 17. Ng3 a4 18. e5 $2 fxe5 19. Ne4 Qd4 20. fxe5 Qxd2 21. Rxd2
dxe5 $17 {0-1 Dabo Peranic,R-Kutuzovic,B/Porec 1994/EXT 97 (39)}) (13... h5 14.
Bd3 Be7 15. Rhe1 Bc6 (15... a6 16. e5 d5 17. f5 fxe5 18. fxe6 Bxe6 19. Rxe5 Qc6
(19... Bf6 $4 $18 20. Ne4 $1 $18 (20. Re2 $4 Bxc3 21. bxc3 Qxc3 22. Bf5 $44 {
1-0 Socko,B-Paschall,W/Internet ICC 2000/EXT 2001 (79)})) 20. Bf5 $14) 16. g3
b5 $132 {- with sufficient counterplay in all noted games/variations.}) 14. Bd3
b4 15. Ne2 a5 16. Rhf1 (16. Ng3 $6 {Not the best place for N.} a4 17. Rhe1 a3
18. b3 Qc3 19. Qc1 (19. Qxc3 Rxc3 20. e5 fxe5 21. Ne4 Rc7 22. fxe5 dxe5 23.
Nf6+ Ke7 24. Nxd7 Rxd7 25. Rxe5 Bg7 $15) 19... Bh6 20. Ne2 Qc5 21. Qd2 $132 {
[%cal Gg2g3]} (21. Bc4 Bc6 22. Nd4 (22. Bd3 $5) 22... O-O 23. Qe3 Kh8 24. Nxc6
Rxc6 25. Qf3 f5 $15 {1/2-1/2 Liu Dede-Simonovic,A/Beijing 1997/CBM 61 (57)}))
16... Be7 ({Standard move in this type of position is also} 16... a4 $5) 17.
Rc1 d5 (17... a4 $5) 18. c3 ({Or} 18. exd5 Qxd5 19. Rfd1 Bc6 20. g3 $11) 18...
dxe4 19. Bxe4 f5 20. Bf3 Qb6 21. Qd4 {[%cal Gd4b6,Gd4h8] This move shows us -
White doesn't want to fight for advantage...} Qxd4 22. cxd4 Bd6 23. g3 Ke7 24.
d5 Rxc1+ 25. Rxc1 Rc8 {Black has certain advantage in the endgame because of
pair of BB. Therefore, White avoids RR exchange.} 26. Rd1 Ba4 27. b3 Bd7 28.
Rc1 $6 $15 {White decided to offer RR exchange, but reliable was also} (28. Nd4
$5 Rc3 29. Bh1 h5 $132) 28... Bc5 $6 {We can see very strange play: now Black
avoids RR exchange!} ({I would prefer} 28... Rxc1+ $1 29. Kxc1 Bc5 30. Kd2 Kd6
31. dxe6 fxe6 {[%cal Ge6e5]} 32. Nc1 $5 Bg1 33. h3 e5 34. fxe5+ Kxe5 $15) 29.
Rd1 Bb5 30. Nd4 $6 $15 {Now Black wins P, but Black has sufficient
compensation in the endgame.} ({More simple was} 30. dxe6 fxe6 31. Nd4 $132)
30... Bxd4 31. Rxd4 Rc3 $1 32. Bd1 Rd3 33. Rxd3 Bxd3+ 34. Kb2 {In order to
play a2-a3 and get rid from the weak Pa2.} exd5 35. a3 Kd6 36. axb4 axb4 37.
Kc1 Kc5 38. Kd2 Kd4 {[%csl Rf5,Rf7] Black's position looks very strong because
of dominant Kd4 location and P over, but Black can't improve his position
because of doubled PP f7, f5.} 39. Bf3 Be4 40. Be2 h6 41. Bd1 Bb1 42. Bf3 f6
43. Bg2 Be4 ({Badly is} 43... Ba2 $2 44. Kc2 Ke3 45. Bxd5 (45. Kb2 d4 46. Bh3
d3 47. Bxf5 d2 48. Bg4 Kf2 49. Kxa2 $18) 45... Kf2 46. Kb2 Kg1 47. h4 Kf2 48.
Kxa2 Kxg3 49. h5 Kxf4 50. Kb2 Ke3 51. Kc2 f4 (51... Ke2 52. Bc4+ $18) 52. Kd1
$18) 44. Bh3 Bd3 45. Bg2 Bb1 46. Bf3 {White B has enough space for manoeuvres,
and Black can't create zugzwang.} Be4 47. Be2 Kc5 48. Bf1 Kd6 49. Be2 Kc6 50.
Bf1 Kc5 51. Ba6 Bf3 52. Bd3 Bg4 53. Bc2 Kd4 54. Bb1 1/2-1/2